Normal view
MARC view
- NC USMAN SHAUKAT NC SAADULLAH JAN ASC BADAR MUNIR BUTT
Entry Personal Name
001 - CONTROL NUMBER
- control field: 71525
003 - CONTROL NUMBER IDENTIFIER
- control field: NUST
005 - DATE AND TIME OF LATEST TRANSACTION
- control field: 20210628204638.0
008 - FIXED-LENGTH DATA ELEMENTS
- fixed length control field: 210628|| aca||aabn | a|a d
040 ## - CATALOGING SOURCE
- Original cataloging agency: NUST
- Transcribing agency: NUST
100 ## - HEADING--PERSONAL NAME
- Personal name: NC USMAN SHAUKAT NC SAADULLAH JAN ASC BADAR MUNIR BUTT
670 ## - SOURCE DATA FOUND
- Source citation: Work cat.: (NUST): NC USMAN SHAUKAT NC SAADULLAH JAN ASC BADAR MUNIR BUTT , PR-SOF-1799-DESIGN AND ANALYSIS OF SUSPENSION SYSTEM OF FAMILY SEDAN, 2019
